| 000 | 00506nam a22001937a 4500 | ||
|---|---|---|---|
| 003 | MPLRDC | ||
| 005 | 20220104142744.0 | ||
| 008 | 210129b ||||| |||| 00| 0 eng d | ||
| 020 | _a962-04-2271-3 | ||
| 082 | _a536.87 FIN | ||
| 100 | _aROBERTO FINZI | ||
| 245 |
_a反犹主义 _c李阳 译 |
||
| 250 | _a一版二刷 | ||
| 260 |
_a香港 _b三联书店(香港)有限公司 _c2004 |
||
| 300 | _b128 | ||
| 490 | _a20世纪历史回顾 | ||
| 650 | _a民族志--犹太民族 | ||
| 942 |
_cBK _o536.87 FIN |
||
| 999 |
_c33463 _d33453 |
||